[Event "2nd Sharjah Masters 2018"]
[Site "Sharjah UAE"]
[Date "2018.04.14"]
[Round "4.18"]
[White "Darini, Pouria"]
[Black "Aditya, Mittal"]
[Result "1-0"]
[WhiteTitle "GM"]
[BlackTitle "CM"]
[WhiteElo "2478"]
[BlackElo "2212"]
[WhiteFideId "12502200"]
[BlackFideId "35042025"]
[EventDate "2018.04.12"]

1. e4 c5 2. Nf3 d6 3. d4 cxd4 4. Nxd4 Nf6 5. Nc3 a6 6. Nb3 e5 7. Bg5 Be6 8. Bxf6
Qxf6 9. Nd5 Qd8 10. Qd3 Nd7 11. O-O-O Rc8 12. Kb1 g6 13. h4 Nb6 14. Ne3 h5 15.
g3 Be7 16. f4 Qc7 17. Bh3 Nc4 18. Nd5 Qd7 19. Qf1 Qd8 20. Qe2 Qd7 21. Qf1 Qd8
22. Qf3 Qd7 23. f5 gxf5 24. Bxf5 b5 25. Nd2 Qd8 26. Rhf1 Nb6 27. Nb3 Nc4 28.
Bxe6 fxe6 29. Qf7+ Kd7 30. Nf6+ Kc6 31. Qxe6 Rh6 32. Nc5 Kxc5 33. Nd7+ Kc6 34.
Nxe5+ Nxe5 35. Qxh6 Ng4 36. Qd2 Qg8 37. Rf5 Qe6 38. Rxh5 Nf6 39. Rh6 Qe5 40. Qf4
Rg8 41. a4 Rxg3 42. axb5+ axb5 43. Qxe5 dxe5 44. Rd5 Rg4 45. Rxe5 Kd7 46. Rxb5
Rxe4 47. Rb7+ Ke6 48. Rh8 Kf7 49. c3 Kg7 50. Ra8 Kf7 51. Raa7 Ng8 52. h5 Re5 53.
Ra8 Nh6 54. Raa7 Ng8 55. Rb8 Nh6 56. Rh8 Kg7 57. Rha8 Nf7 1-0

[Event "2nd Sharjah Masters 2018"]
[Site "Sharjah UAE"]
[Date "2018.04.14"]
[Round "4.19"]
[White "Mohannad, Farhan"]
[Black "Vignesh, N R"]
[Result "0-1"]
[WhiteTitle "FM"]
[BlackTitle "IM"]
[WhiteElo "2219"]
[BlackElo "2475"]
[WhiteFideId "8100918"]
[BlackFideId "25012215"]
[EventDate "2018.04.12"]

1. d4 Nf6 2. c4 e6 3. Nf3 d5 4. e3 a6 5. Nbd2 c5 6. cxd5 exd5 7. dxc5 Bxc5 8.
Be2 Nc6 9. O-O O-O 10. Nb3 Bb6 11. Nbd4 Ne4 12. Bd2 Bg4 13. Nxc6 bxc6 14. Rc1 c5
15. Bc3 Re8 16. Qa4 d4 17. Rcd1 Bd7 18. Qb3 dxc3 19. Bc4 Nd2 20. Nxd2 cxd2 21.
Bxf7+ Kh8 22. Rxd2 Ba5 23. Rd5 Rf8 24. Rh5 Bg4 25. Rxc5 Be2 26. Ra1 Rb8 27. Qe6
Rb6 28. Qe5 Rd6 29. Bb3 Bc7 30. Qc3 Bb8 31. Qe1 Rh6 32. f4 Qe7 33. Rc3 Bg4 34.
Qg3 Bf5 35. Bd5 Rd6 36. Bf3 Rd2 37. Re1 Rxb2 38. e4 Ba7+ 39. Kf1 Bd7 40. f5 Bb5+ 0-1

[Event "2nd Sharjah Masters 2018"]
[Site "Sharjah UAE"]
[Date "2018.04.14"]
[Round "4.20"]
[White "Poormosavi, Seyed Kian"]
[Black "Iniyan, P"]
[Result "1-0"]
[BlackTitle "IM"]
[WhiteElo "2218"]
[BlackElo "2466"]
[WhiteFideId "12585807"]
[BlackFideId "25002767"]
[EventDate "2018.04.12"]

1. Nf3 Nf6 2. g3 g6 3. Bg2 Bg7 4. O-O O-O 5. c4 d6 6. Nc3 e5 7. d3 Nc6 8. Rb1
Re8 9. Bg5 h6 10. Bxf6 Bxf6 11. b4 Nd4 12. e3 Ne6 13. d4 exd4 14. exd4 Bg7 15.
Qd2 Bd7 16. Rfe1 g5 17. d5 Nf8 18. Rxe8 Bxe8 19. Nd4 Qf6 20. Rd1 a5 21. Ncb5
Bxb5 22. Nxb5 axb4 23. Nxc7 Rc8 24. Nb5 Rxc4 25. Bf1 Rc5 26. Qxb4 Ng6 27. Qe4
Ne5 28. Be2 g4 29. Nd4 Ra5 30. Nf5 h5 31. a4 Bf8 32. Rc1 Rc5 33. Rxc5 dxc5 34.
h3 gxh3 35. Bxh5 c4 36. Kh2 Nd3 37. d6 Nxf2 38. Qd5 c3 39. d7 c2 40. Bxf7+ Kh7
41. d8=Q Qxd8 42. Qxd8 c1=Q 43. Qh4+ Bh6 44. Qxh6+ Qxh6 45. Nxh6 Kxh6 46. a5
Ng4+ 47. Kxh3 Ne3 48. Kh4 Kg7 49. Bb3 Kf6 50. g4 Ke5 51. g5 Ng2+ 52. Kg4 Ne3+
53. Kh5 Ng2 54. Bd1 Nf4+ 55. Kh6 Kd6 56. Bf3 Kc7 57. g6 Ne6 58. Bd5 Nd4 59. Kg5 1-0

[Event "2nd Sharjah Masters 2018"]
[Site "Sharjah UAE"]
[Date "2018.04.14"]
[Round "4.21"]
[White "Chakravarthi Reddy, M"]
[Black "Sultan, Ibrahim"]
[Result "1-0"]
[WhiteTitle "IM"]
[BlackTitle "IM"]
[WhiteElo "2442"]
[BlackElo "2141"]
[WhiteFideId "25009532"]
[BlackFideId "9301143"]
[EventDate "2018.04.12"]

1. d4 Nf6 2. c4 e6 3. Nf3 b6 4. a3 Ba6 5. Qc2 Bb7 6. Nc3 c5 7. e4 cxd4 8. Nxd4
Nc6 9. Nxc6 Bxc6 10. Bf4 Nh5 11. Be3 Bc5 12. Qe2 Bxe3 13. Qxe3 d6 14. Be2 Nf6
15. O-O-O Qe7 16. g4 O-O-O 17. f4 Qb7 18. Bf3 d5 19. cxd5 exd5 20. exd5 Nxd5 21.
Nxd5 Rxd5 22. Bxd5 Bxd5 23. Qc3+ 1-0

[Event "2nd Sharjah Masters 2018"]
[Site "Sharjah UAE"]
[Date "2018.04.14"]
[Round "4.22"]
[White "Nyazi, Nehad"]
[Black "Dimakiling, Oliver"]
[Result "0-1"]
[BlackTitle "IM"]
[WhiteElo "2213"]
[BlackElo "2412"]
[WhiteFideId "10601988"]
[BlackFideId "5202248"]
[EventDate "2018.04.12"]

1. d4 Nf6 2. c4 e6 3. Nc3 d5 4. cxd5 exd5 5. Bg5 Be6 6. Nf3 Nbd7 7. e3 a6 8. Bd3
Be7 9. O-O O-O 10. Rc1 h6 11. Bf4 c5 12. dxc5 Nxc5 13. Bb1 Rc8 14. Nd4 Bd6 15.
Nxe6 fxe6 16. Bxd6 Qxd6 17. f4 Ncd7 18. Kh1 Qb6 19. Qd2 Rc4 20. Rce1 Rd8 21. b3
Rb4 22. Na4 Qa5 23. Qb2 Qxa4 24. Qxf6 Nxf6 25. bxa4 Rxa4 26. Rc1 Rc4 27. Bd3
Rcc8 28. h3 h5 29. g3 Kf7 30. Kg2 Ke7 31. Kf3 Rf8 32. Ke2 Kd7 33. Kf3 Kd6 34.
Bg6 b5 35. Rfd1 e5 36. Bf5 Rc4 37. Rxc4 bxc4 38. Rb1 e4+ 39. Ke2 d4 40. Rb6+ Kc5
41. Rb7 d3+ 42. Kd2 c3+ 43. Kxc3 Nd5+ 44. Kd2 Rxf5 45. Rxg7 Rf8 46. Rg5 Rb8 47.
Rxh5 Rb2+ 48. Kd1 Kc4 0-1

[Event "2nd Sharjah Masters 2018"]
[Site "Sharjah UAE"]
[Date "2018.04.14"]
[Round "4.23"]
[White "Arjun, Kalyan"]
[Black "Mullick, Raahil"]
[Result "1-0"]
[BlackTitle "CM"]
[WhiteElo "2397"]
[BlackElo "2053"]
[WhiteFideId "35018701"]
[BlackFideId "35080350"]
[EventDate "2018.04.12"]

1. e4 e5 2. Nf3 Nc6 3. Bb5 Nf6 4. d3 Bc5 5. O-O d6 6. c3 O-O 7. h3 Ne7 8. Re1
Ng6 9. Nbd2 c6 10. Ba4 Bb6 11. d4 Re8 12. Bc2 Bc7 13. a4 a5 14. Nf1 d5 15. exd5
e4 16. d6 Qxd6 17. N3d2 Bf5 18. Nc4 Qe6 19. Bb3 Qd7 20. Ng3 Bxh3 21. Ne5 Nxe5
22. dxe5 Bxe5 23. Nxe4 Nxe4 24. Rxe4 Qxd1+ 25. Bxd1 Bf5 26. Re3 Rad8 27. Bf3 f6
28. g3 Kf7 29. Re1 Rd3 30. Be2 Rd6 31. f4 Bd4+ 32. cxd4 Rxd4 33. Kf2 Bc2 34. Be3
Rxa4 35. Rxa4 Bxa4 36. Bb6 Bb3 37. Bxa5 b5 38. Bb4 Bd5 39. Bh5+ g6 40. Rxe8 Kxe8
41. Bf3 Bxf3 42. Kxf3 Kd7 43. f5 gxf5 44. Kf4 Ke6 45. Bc5 Kd5 46. b4 Ke6 47. Bb6
h6 48. Ba7 h5 49. Bc5 Kf7 50. Kxf5 Kg7 51. Be7 Kh6 52. Bxf6 h4 53. Bxh4 Kh5 54.
Bf6 Kh6 55. g4 1-0

[Event "2nd Sharjah Masters 2018"]
[Site "Sharjah UAE"]
[Date "2018.04.14"]
[Round "4.24"]
[White "Sidhant, Mohapatra"]
[Black "Priyanka, Nutakki"]
[Result "1/2-1/2"]
[WhiteTitle "IM"]
[WhiteElo "2382"]
[BlackElo "1957"]
[WhiteFideId "5028698"]
[BlackFideId "25049615"]
[EventDate "2018.04.12"]

1. c4 e5 2. g3 Nf6 3. Bg2 Nc6 4. Nc3 Bb4 5. Nd5 Bc5 6. e3 O-O 7. Ne2 d6 8. O-O
Nxd5 9. cxd5 Ne7 10. d4 exd4 11. Nxd4 Ng6 12. b3 a5 13. a3 Ne5 14. Bb2 Bg4 15.
f3 Bd7 16. f4 Ng4 17. Qd3 Re8 18. Rae1 Nf6 19. h3 Rc8 20. Kh2 c6 21. dxc6 Bxc6
22. e4 Bxd4 23. Bxd4 Nd7 24. b4 axb4 25. axb4 Nc5 26. Qb1 Ne6 27. Ba1 Bb5 28.
Rf2 Qb6 29. Rd2 Rc4 30. f5 Nf8 31. Qd1 d5 32. Rxd5 Rxb4 33. Rd6 Qc7 34. Qd2 Ra4
35. Bxg7 Kxg7 36. Qg5+ Kh8 37. f6 Ne6 38. Qxb5 Rg8 39. Rd3 Ra2 40. Qb3 Rf2 41.
Qc3 Qxc3 42. Rxc3 Nf4 43. Rg1 Nxg2 44. Rxg2 Rxf6 45. Rb2 Re8 46. Rc4 Rfe6 47.
Rxb7 Rxe4 48. Rxe4 Rxe4 49. Rxf7 Re2+ 50. Kg1 Kg8 51. Rf2 Re3 52. Kg2 Kg7 53.
Ra2 Kg6 54. Ra6+ Kg7 55. Kf2 Rb3 56. Re6 Ra3 57. Re3 Ra4 58. Kf3 Kf6 59. Re4 Ra5
60. Kg4 Rg5+ 61. Kh4 Ra5 62. Rb4 Kg6 63. Rb6+ Kg7 64. g4 Rc5 65. g5 Rc7 66. Kg4
Ra7 67. h4 Ra4+ 68. Kh5 Ra7 69. Rf6 Ra4 70. Re6 Ra7 71. Kg4 Ra4+ 72. Kg3 Ra3+
73. Kf4 Ra4+ 74. Re4 Rxe4+ 75. Kxe4 h6 76. Kf5 hxg5 77. hxg5 Kf7 78. Kf4 Kg6 79.
Kg4 Kg7 80. Kh5 Kh7 81. g6+ Kg7 82. Kg5 Kg8 83. Kf6 Kf8 84. g7+ Kg8 85. Kg6 1/2-1/2

[Event "2nd Sharjah Masters 2018"]
[Site "Sharjah UAE"]
[Date "2018.04.14"]
[Round "4.25"]
[White "Sadhwani, Raunak"]
[Black "Salim, Mohammed Salim Al Amri"]
[Result "1-0"]
[WhiteTitle "FM"]
[BlackTitle "FM"]
[WhiteElo "2358"]
[BlackElo "1970"]
[WhiteFideId "35093487"]
[BlackFideId "22000089"]
[EventDate "2018.04.12"]

1. e4 e5 2. Nf3 Nc6 3. Bc4 Nf6 4. d3 Bc5 5. O-O d6 6. c3 a6 7. a4 O-O 8. Bg5 h6
9. Bh4 g5 10. Bg3 Bg4 11. h3 Bh5 12. Nbd2 g4 13. hxg4 Bxg4 14. Bh4 Kg7 15. Qc1
Ba7 16. Nh2 Be2 17. Ndf3 Bxf1 18. Nxf1 Qd7 19. Ng3 Ng4 20. Nf5+ Kh7 21. Nh2 Ne3
22. fxe3 Rg8 23. Qd1 Rg6 24. Ng4 Rag8 25. Nf6+ Rxf6 26. Bxf6 Rg6 27. Bh4 f6 28.
Qf3 Nd8 29. Rf1 c6 30. d4 b5 31. axb5 axb5 32. Ba2 c5 33. dxe5 dxe5 34. Rd1 Qc7
35. Bd5 c4 36. Qe2 Nf7 37. Bxf7 Qxf7 38. Rd5 Qb7 39. Qd2 1-0

[Event "2nd Sharjah Masters 2018"]
[Site "Sharjah UAE"]
[Date "2018.04.14"]
[Round "4.26"]
[White "Zhu, Yilun"]
[Black "Soumya, Swaminathan"]
[Result "0-1"]
[BlackTitle "WGM"]
[WhiteElo "2195"]
[BlackElo "2354"]
[WhiteFideId "8609292"]
[BlackFideId "5016193"]
[EventDate "2018.04.12"]

1. e4 c5 2. Nc3 Nc6 3. Nge2 d6 4. d4 cxd4 5. Nxd4 Nf6 6. Bc4 e6 7. Be3 a6 8. Qe2
Qc7 9. Bb3 Na5 10. g4 Rb8 11. g5 Nxb3 12. axb3 Nd7 13. f4 Be7 14. f5 Ne5 15.
fxe6 fxe6 16. Rf1 Nf7 17. Qg4 Qd7 18. O-O-O g6 19. Qg2 b5 20. h4 b4 21. Na4 e5
22. Nf5 gxf5 23. exf5 Bb7 24. Qg3 Be4 25. Nc5 Qc6 26. Nxe4 Qxe4 27. f6 Bd8 28.
Qh3 Kf8 29. Rfe1 Qc6 30. h5 a5 31. Qf5 a4 32. g6 hxg6 33. hxg6 Rh2 34. gxf7 axb3
35. Rd2 Rxd2 36. Bh6+ Kxf7 37. Qh5+ Ke6 38. Qh3+ Kd5 39. Qxb3+ Kc5 40. f7 Bh4
41. Bxd2 Bxe1 42. Bxe1 Qe4 43. Bf2+ Kb5 44. Qe6 Qc6 45. Qf5 b3 46. c3 Rf8 47.
Qe6 Ka4 48. Qe7 Qh1+ 49. Kd2 Qd5+ 50. Kc1 Qh1+ 51. Kd2 Qd5+ 52. Kc1 Qxf7 53.
Qxd6 Qf4+ 54. Kd1 Qf3+ 0-1

[Event "2nd Sharjah Masters 2018"]
[Site "Sharjah UAE"]
[Date "2018.04.14"]
[Round "4.27"]
[White "Polakhare, Aryan"]
[Black "Hejazipour, Mitra"]
[Result "0-1"]
[BlackTitle "WGM"]
[WhiteElo "1966"]
[BlackElo "2304"]
[WhiteFideId "25069632"]
[BlackFideId "12505951"]
[EventDate "2018.04.12"]

1. e4 c5 2. Nf3 d6 3. Nc3 a6 4. Be2 Nf6 5. e5 dxe5 6. Nxe5 e6 7. Bf3 Qc7 8. d4
cxd4 9. Qxd4 Bc5 10. Qa4+ Nbd7 11. Nd3 O-O 12. Nxc5 Nxc5 13. Qh4 e5 14. Bg5 e4
15. Be2 Qe5 16. Rd1 Be6 17. Bxf6 gxf6 18. Qg3+ Qxg3 19. hxg3 f5 20. Nd5 Kg7 21.
Nf4 Rfd8 22. b3 b5 23. Nh5+ Kf8 24. Nf6 Ke7 25. Rh6 Rxd1+ 26. Bxd1 b4 27. Nxh7
Rg8 28. Nf6 Rg6 29. Rxg6 fxg6 30. Nh7 Bd5 31. Ng5 Kf6 32. Nh3 g5 33. Kd2 Ne6 34.
c3 a5 35. c4 Bc6 36. Ke3 Ke5 37. f4+ exf3 38. gxf3 f4+ 39. gxf4+ gxf4+ 40. Kd3
Be8 41. Nf2 Bg6+ 42. Kd2 Kd4 43. Nh3 Bb1 44. Kc1 Bf5 45. Ng1 Ke3 46. Kb2 Nc5 47.
a3 Nd3+ 48. Ka2 Kd2 49. Ne2 Nc1+ 50. Nxc1 Kxc1 51. Be2 Kd2 52. axb4 axb4 53. Bf1
Ke1 54. c5 Kxf1 0-1

[Event "2nd Sharjah Masters 2018"]
[Site "Sharjah UAE"]
[Date "2018.04.14"]
[Round "4.28"]
[White "Bharath, Subramaniyam H"]
[Black "Sundararajan, Kidambi"]
[Result "1/2-1/2"]
[WhiteTitle "CM"]
[BlackTitle "GM"]
[WhiteElo "1997"]
[BlackElo "2436"]
[WhiteFideId "46634827"]
[BlackFideId "5005370"]
[EventDate "2018.04.12"]

1. e4 c6 2. Nc3 d5 3. Nf3 dxe4 4. Nxe4 Nf6 5. Nxf6+ exf6 6. d4 Bd6 7. Bd3 O-O 8.
O-O Bg4 9. h3 Bh5 10. Be3 Nd7 11. c3 Re8 12. g4 Bg6 13. Nh4 Bc7 14. Nxg6 hxg6
15. Qf3 Nb6 16. c4 Qd6 17. Rfe1 Rad8 18. b3 Nd7 19. Rad1 Nf8 20. c5 Qh2+ 21. Kf1
Ne6 22. Bc4 f5 23. Qg2 Qxg2+ 24. Kxg2 Ba5 25. Rf1 f4 26. Bc1 g5 27. Bb2 Nc7 28.
a3 Nd5 29. b4 Bc7 30. Rfe1 g6 31. Kf3 Kg7 32. Bxd5 cxd5 33. Kg2 f5 34. f3 Kf7
35. Bc1 Rh8 1/2-1/2

[Event "2nd Sharjah Masters 2018"]
[Site "Sharjah UAE"]
[Date "2018.04.14"]
[Round "4.29"]
[White "Mareco, Sandro"]
[Black "Dixit, Nikhil"]
[Result "1-0"]
[WhiteTitle "GM"]
[WhiteElo "2645"]
[BlackElo "2285"]
[WhiteFideId "112275"]
[BlackFideId "5059534"]
[EventDate "2018.04.12"]

1. Nf3 g6 2. d4 Bg7 3. e4 d6 4. c3 Nf6 5. Bd3 O-O 6. O-O Nc6 7. h3 e5 8. Re1 a5
9. Na3 Re8 10. Nb5 Bd7 11. a3 a4 12. Bg5 Qb8 13. Bf1 h6 14. Bh4 g5 15. Bg3 exd4
16. e5 Nxe5 17. Nxe5 dxe5 18. cxd4 Rd8 19. Bxe5 Nd5 20. Bc4 Be6 21. Qf3 Qc8 22.
Rac1 Qd7 23. Bxg7 Kxg7 24. Rxe6 fxe6 25. Bxd5 c6 26. Bxe6 Qxe6 27. Nc7 Qf7 28.
Qxf7+ Kxf7 29. Nxa8 Rxa8 30. Kf1 Ke6 31. Ke2 Ra5 32. Kd3 Rb5 33. Re1+ Kd6 34.
Kc3 Rb3+ 35. Kc2 Kd5 36. Re7 Kxd4 37. Rh7 Rb5 38. Rxh6 Rc5+ 39. Kb1 Kd3 40. h4
Ke2 41. Rh5 Kd2 42. Rxg5 Rc1+ 43. Ka2 Rc2 44. Rg3 b5 45. h5 c5 46. h6 b4 47.
axb4 cxb4 48. h7 Rc8 49. Rg8 1-0

[Event "2nd Sharjah Masters 2018"]
[Site "Sharjah UAE"]
[Date "2018.04.14"]
[Round "4.30"]
[White "Adly, Ahmed"]
[Black "Ma, Lin"]
[Result "1-0"]
[WhiteTitle "GM"]
[WhiteElo "2626"]
[BlackElo "2156"]
[WhiteFideId "10601619"]
[BlackFideId "8610533"]
[EventDate "2018.04.12"]

1. d4 Nf6 2. c4 g6 3. g3 c6 4. Bg2 d5 5. Qa4 Bg7 6. cxd5 Nxd5 7. Nf3 O-O 8. Nc3
Nd7 9. O-O N7f6 10. Re1 Nxc3 11. bxc3 c5 12. e4 Nd7 13. Qa3 cxd4 14. cxd4 b6 15.
Bg5 Re8 16. Rad1 h6 17. Bf4 Bb7 18. h4 e6 19. d5 exd5 20. exd5 Rxe1+ 21. Nxe1
Nc5 22. Nc2 Qd7 23. Ne3 Qa4 24. Qxa4 Nxa4 25. d6 Bxg2 26. d7 Bf6 27. Ng4 Be7 28.
Kxg2 Nc5 29. Ne5 Ne6 30. Bxh6 Bf6 31. Nc6 Nd8 32. Rd6 Bg7 33. Bg5 Bf8 34. Rxg6+
fxg6 35. Nxd8 Bh6 36. Nc6 1-0

[Event "2nd Sharjah Masters 2018"]
[Site "Sharjah UAE"]
[Date "2018.04.14"]
[Round "4.31"]
[White "Al Hosani, Omran"]
[Black "Haddouche, Mohamed"]
[Result "0-1"]
[WhiteTitle "FM"]
[BlackTitle "GM"]
[WhiteElo "2101"]
[BlackElo "2506"]
[WhiteFideId "9308733"]
[BlackFideId "7900660"]
[EventDate "2018.04.12"]

1. d4 Nf6 2. c4 c5 3. Nf3 cxd4 4. Nxd4 b6 5. Nc3 Bb7 6. Bg5 e6 7. e4 d6 8. Qa4+
Nbd7 9. O-O-O a6 10. e5 dxe5 11. Nf3 Qc7 12. Nxe5 Qxe5 13. Bxf6 Qf4+ 14. Rd2 b5
15. Nxb5 gxf6 0-1

[Event "2nd Sharjah Masters 2018"]
[Site "Sharjah UAE"]
[Date "2018.04.14"]
[Round "4.32"]
[White "Gagare, Shardul"]
[Black "Bhambure, Shantanu"]
[Result "1-0"]
[WhiteTitle "GM"]
[WhiteElo "2502"]
[BlackElo "2155"]
[WhiteFideId "5037883"]
[BlackFideId "5025931"]
[EventDate "2018.04.12"]

1. d4 Nf6 2. c4 e6 3. Nf3 d5 4. Nc3 dxc4 5. e4 Bb4 6. Bxc4 Nxe4 7. O-O Nxc3 8.
bxc3 Be7 9. Ne5 O-O 10. Qg4 Nc6 11. Re1 f5 12. Qf3 Nxe5 13. Rxe5 Kh8 14. Bf4 g5
15. Bd2 Bf6 16. Rae1 Bxe5 17. Rxe5 Qf6 18. h4 g4 19. Qe2 f4 20. Qxg4 Bd7 21. Re4
Bc6 22. Bxf4 Bxe4 23. Be5 Qxe5 24. dxe5 Bxg2 25. Qxe6 Rae8 26. Qh6 Be4 27. f4
Bf5 28. Kf2 b5 29. Bxb5 Rd8 30. Bc4 1-0

[Event "2nd Sharjah Masters 2018"]
[Site "Sharjah UAE"]
[Date "2018.04.14"]
[Round "4.33"]
[White "Viani, Antonio Dcunha"]
[Black "Ajay, Karthikeyan"]
[Result "1-0"]
[WhiteTitle "IM"]
[WhiteElo "2435"]
[BlackElo "2127"]
[WhiteFideId "5027330"]
[BlackFideId "35011685"]
[EventDate "2018.04.12"]

1. e4 c5 2. Nc3 Nc6 3. f4 g6 4. Nf3 Bg7 5. Bb5 Nd4 6. O-O a6 7. Bd3 d6 8. Nxd4
Bxd4+ 9. Kh1 e6 10. Ne2 Bg7 11. c3 Ne7 12. Bc2 O-O 13. d4 cxd4 14. Nxd4 e5 15.
Nf3 Qc7 16. Qe1 Be6 17. Qh4 f6 18. Be3 Rad8 19. a4 Nc6 20. f5 Bf7 21. g4 g5 22.
Qf2 Qc8 23. h4 h6 24. Kg2 d5 25. Bb6 Rd7 26. Rfd1 dxe4 27. Bxe4 Re8 28. hxg5
fxg5 29. Ne1 Bf6 30. Nd3 Rd6 31. Nc5 Nd4 32. Bxb7 Qxb7+ 33. Nxb7 Rxb6 34. Nc5
Bd5+ 35. Kh3 Bf3 36. cxd4 Bxd1 37. Rxd1 exd4 38. Nd7 Rb3+ 39. Kg2 Bh8 40. f6 Kf7
41. Qxd4 Re2+ 42. Kf1 Rbxb2 43. Qc4+ Re6 44. Re1 1-0

[Event "2nd Sharjah Masters 2018"]
[Site "Sharjah UAE"]
[Date "2018.04.14"]
[Round "4.34"]
[White "Al-Zaabi, Sultan"]
[Black "Tahbaz, Arash"]
[Result "0-1"]
[WhiteTitle "CM"]
[BlackTitle "IM"]
[WhiteElo "2061"]
[BlackElo "2434"]
[WhiteFideId "9307583"]
[BlackFideId "12528846"]
[EventDate "2018.04.12"]

1. d4 Nf6 2. Bf4 g6 3. Nc3 d5 4. Qd2 Bg7 5. Bh6 Bxh6 6. Qxh6 c5 7. e3 cxd4 8.
exd4 Nc6 9. O-O-O Qa5 10. Nf3 Bg4 11. Be2 Ne4 12. Qe3 Nb4 13. a3 Nxc3 14. axb4
Nxd1 15. bxa5 Nxe3 16. fxe3 O-O 17. Kd2 Rfc8 18. c3 f6 19. Ra1 Rab8 20. h3 Bf5
21. Ne1 b6 22. a6 b5 23. Ra5 b4 24. Bb5 bxc3+ 25. bxc3 Rb6 26. Nc2 Rcb8 27. Na3
h5 28. h4 Kg7 29. g3 e6 30. Kc1 Be4 31. Kd2 Kf7 0-1

[Event "2nd Sharjah Masters 2018"]
[Site "Sharjah UAE"]
[Date "2018.04.14"]
[Round "4.35"]
[White "Sindarov, Javokhir"]
[Black "Asmar, Elie"]
[Result "1-0"]
[WhiteTitle "IM"]
[WhiteElo "2431"]
[BlackElo "2060"]
[WhiteFideId "14205483"]
[BlackFideId "5301432"]
[EventDate "2018.04.12"]

1. e4 g6 2. d4 Bg7 3. Nc3 c6 4. Nf3 d5 5. h3 Nf6 6. e5 Ne4 7. Nxe4 dxe4 8. Ng5
c5 9. dxc5 Qxd1+ 10. Kxd1 Nc6 11. c3 Nxe5 12. Nxe4 Bf5 13. f3 O-O 14. Be3 Rfd8+
15. Kc2 Rac8 16. Be2 h6 17. Rad1 Be6 18. Rxd8+ Rxd8 19. Rd1 Rxd1 20. Bxd1 Bc4
21. Nd2 Bd3+ 22. Kc1 Nc4 23. Nxc4 Bxc4 24. f4 Bd5 25. Bf3 Bc6 26. Bxc6 bxc6 27.
Kc2 Kf8 28. Kb3 Ke8 29. Ka4 Kd7 30. Ka5 Ke6 31. Ka6 Kd5 32. Kxa7 e5 33. fxe5
Bxe5 34. Kb7 1-0

[Event "2nd Sharjah Masters 2018"]
[Site "Sharjah UAE"]
[Date "2018.04.14"]
[Round "4.36"]
[White "Rajdeep, Sarkar"]
[Black "Reyes, Danilo G."]
[Result "1-0"]
[WhiteTitle "FM"]
[WhiteElo "2393"]
[BlackElo "1640"]
[WhiteFideId "25007963"]
[BlackFideId "5220351"]
[EventDate "2018.04.12"]

1. d4 Nf6 2. Nf3 e6 3. c4 d5 4. Qc2 c6 5. g3 Be7 6. Bg2 O-O 7. O-O Nbd7 8. Nbd2
a6 9. e4 dxc4 10. Nxc4 h6 11. Rd1 Nb6 12. Ne3 Bd7 13. Bd2 a5 14. Rac1 Bb4 15.
Ne5 Qe7 16. Bxb4 axb4 17. Qc5 Qd8 18. Ra1 Bc8 19. Qxb4 Qc7 20. a4 Rd8 21. a5
Nbd7 22. Qe7 Rf8 23. N3c4 Qd8 24. Qd6 Ne8 25. Qb4 Qc7 26. f4 f6 27. Ng6 Rf7 28.
Bh3 c5 29. dxc5 Nxc5 30. Nb6 Rb8 31. Rac1 1-0

[Event "2nd Sharjah Masters 2018"]
[Site "Sharjah UAE"]
[Date "2018.04.14"]
[Round "4.37"]
[White "Mahitosh, Dey"]
[Black "Assaubayeva, Bibisara"]
[Result "0-1"]
[BlackTitle "FM"]
[WhiteElo "1913"]
[BlackElo "2359"]
[WhiteFideId "25091468"]
[BlackFideId "13708694"]
[EventDate "2018.04.12"]

1. e4 e5 2. Nf3 Nc6 3. d4 exd4 4. Nxd4 Nf6 5. Nxc6 bxc6 6. e5 Qe7 7. Qe2 Nd5 8.
c4 Ba6 9. Nd2 g6 10. Nf3 Qb4+ 11. Kd1 Bg7 12. Qc2 Nb6 13. Bd2 Qe7 14. Bg5 Qe6
15. b3 O-O 16. Bd3 d6 17. Re1 dxe5 18. Re2 Nd7 19. Ke1 f5 20. Rd1 e4 21. Bf4 Nc5
22. Ng5 Qf6 23. Bxe4 Nxe4 24. Nxe4 fxe4 25. Rxe4 Bc8 26. Be5 Qf7 27. Bxg7 Qxg7
28. Qe2 Bf5 29. Re7 Qxe7 30. Qxe7 Rfe8 31. Qxe8+ Rxe8+ 32. Kd2 Rd8+ 33. Ke2 Rxd1
34. Kxd1 c5 35. Kd2 Kf7 36. Kc3 Ke6 37. f4 Be4 38. g3 Kf5 39. b4 cxb4+ 40. Kxb4
Kg4 41. Kb5 Bb7 42. a4 Kh3 43. a5 h5 0-1

[Event "2nd Sharjah Masters 2018"]
[Site "Sharjah UAE"]
[Date "2018.04.14"]
[Round "4.38"]
[White "Grivas, Efstratios"]
[Black "Salim, Issa Ali Shamas"]
[Result "1-0"]
[WhiteTitle "GM"]
[BlackTitle "CM"]
[WhiteElo "2468"]
[BlackElo "1912"]
[WhiteFideId "4200039"]
[BlackFideId "22000062"]
[EventDate "2018.04.12"]

1. d4 Nf6 2. c4 e6 3. Nf3 b6 4. g3 Bb7 5. Bg2 Be7 6. O-O O-O 7. d5 exd5 8. Nh4
Ne4 9. cxd5 Nd6 10. Nf3 Bf6 11. Nc3 Re8 12. Nd2 Na6 13. Nde4 Be7 14. Nxd6 Bxd6
15. Ne4 Bf8 16. Bg5 f6 17. Be3 Nb4 18. Nc3 Kh8 19. a3 Na6 20. b4 c6 21. Qb3 Nc7
22. Rfd1 cxd5 23. Nxd5 Nxd5 24. Bxd5 Bxd5 25. Rxd5 d6 26. Qd3 Qe7 27. Re1 Qe6
28. Bf4 Rad8 29. h4 Qe4 30. Qxe4 Rxe4 31. Kf1 Rc4 32. Red1 Rc3 33. R5d3 Rxd3 34.
Rxd3 Kg8 35. Rc3 Rd7 36. Rc8 Kf7 37. Ke1 h6 38. h5 Be7 39. Kd2 Ke6 40. Kd3 Kf5
41. f3 Ke6 42. a4 f5 43. b5 Bf6 44. Be3 Kd5 45. Bf2 Re7 46. Rc6 Be5 47. Rc8 Bf6
48. Be3 Be5 49. Bf4 Bxf4 50. gxf4 Ke6 51. e3 Kd5 52. Rc1 Rf7 53. Rc6 Re7 54. Rc8
Ke6 55. Kd4 Kd7 56. Rc1 Ke6 57. Rg1 Kf7 58. e4 fxe4 59. fxe4 Re6 60. Kd5 g6 61.
Rxg6 Rxg6 62. hxg6+ Kxg6 63. Kxd6 h5 64. e5 h4 65. e6 h3 66. e7 Kf5 67. e8=Q
Kxf4 68. Kc6 Kg3 69. Kb7 h2 70. Qe5+ Kh3 71. Qxh2+ 1-0

[Event "2nd Sharjah Masters 2018"]
[Site "Sharjah UAE"]
[Date "2018.04.15"]
[Round "5.1"]
[White "Sethuraman, S.P."]
[Black "Safarli, Eltaj"]
[Result "1-0"]
[WhiteTitle "GM"]
[BlackTitle "GM"]
[WhiteElo "2631"]
[BlackElo "2653"]
[WhiteFideId "5021596"]
[BlackFideId "13402129"]
[EventDate "2018.04.12"]

1. e4 e6 2. d4 d5 3. Nc3 Bb4 4. e5 c5 5. Bd2 Nc6 6. Nb5 Bxd2+ 7. Qxd2 Nxd4 8.
Nxd4 cxd4 9. Nf3 Ne7 10. Nxd4 O-O 11. f4 Nc6 12. Nf3 Qb6 13. O-O-O Bd7 14. a3
Rfc8 15. Kb1 Na5 16. Nd4 Nc6 17. Nf3 Na5 18. Nd4 Nc6 19. Nb3 Ne7 20. Qd4 Qc7 21.
Bd3 a5 22. Qf2 Ba4 23. Nd4 Qc5 24. Rhf1 Nc6 25. Nf3 Ne7 26. g4 Qxf2 27. Rxf2 Bd7
28. Nd4 Rab8 29. h4 b5 30. b3 Rc5 31. Kb2 b4 32. a4 Nc6 33. Nf3 Rf8 34. g5 Bc8
35. h5 Nb8 36. Nd4 Nc6 37. Nf3 Nb8 38. Bb5 Ba6 39. Nd4 Bxb5 40. axb5 Nd7 41. g6
Re8 42. gxf7+ Kxf7 43. Ra1 Ra8 44. f5 Nxe5 45. fxe6+ Kg8 46. e7 Rcc8 47. Ne6 1-0